[Event "FRA-ch Youth U20 2019"]
[Site "Hyeres"]
[Date "2019.04.17"]
[Round "5.1"]
[White "Pigeat, Alexandre"]
[Black "Eugene, Floryan"]
[Result "0-1"]
[WhiteElo "2347"]
[BlackElo "2294"]
[Annotator "NA RC"]
[PlyCount "74"]
[EventDate "2019.04.14"]
[EventType "swiss"]
[EventCountry "FRA"]
[SourceTitle "playchess.com"]
[Source "ChessBase"]
[SourceQuality "1"]
[TimeControl "5400+30"]

1. b3 {[%emt 0:00:00]} e5 {[%emt 0:00:12]} 2. Bb2 {[%emt 0:00:00]} Nc6 {[%emt 0:00:06]} 3. e3 {[%emt 0:00:31]} Nf6 {[%emt 0:03:14]} 4. Ne2 {[%emt 0:01:55]} d6 {[%emt 0:05:46]} 5. Ng3 {[%emt 0:01:46]} g6 {[%emt 0:00:55]} 6. Be2 {[%emt 0:01:04]} Bg7 {[%emt 0:00:19]} 7. O-O {[%emt 0:02:03]} h5 {[%emt 0:03:30]} 8. c4 {[%emt 0:06:18]} h4 {[%emt 0:04:39]} 9. Nh1 {[%emt 0:00:12]} Bf5 {[%emt 0:03:33]} 10. f3 {[%emt 0:02:34]} Nh5 {[%emt 0:02:05]} 11. Nc3 {[%emt 0:02:30]} Qg5 {[%emt 0:08:27]} 12. Nd5 {[%emt 0:06:24]} O-O-O {[%emt 0:02:22]} 13. b4 {[%emt 0:04:36]} Be6 {[%emt 0:04:59]} 14. Qa4 {[%emt 0:13:45]} Kb8 {[%emt 0:04:43]} 15. Rac1 {[%emt 0:03:21]} f5 {[%emt 0:03:26]} 16. f4 {[%emt 0:03:59]} Qh6 {[%emt 0:04:57]} 17. Nxc7 {[%emt 0:13:50]} Kxc7 {[%emt 0:05:10]} 18. c5 {[%emt 0:00:17]} Ng3 {[%emt 0:15:30]} 19. Bb5 {[%emt 0:08:27]} h3 {[%emt 0:00:57]} 20. cxd6+ {[%emt 0:13:55]} Rxd6 {[%emt 0:00:59]} 21. gxh3 {[%emt 0:02:21]} Qxh3 {[%emt 0:01:25]} 22. Rf2 {[%emt 0:00:15]} Nxh1 {[%emt 0:00:31]} 23. Bxc6 {[%emt 0:01:24]} Rxc6 {[%emt 0:02:12]} 24. Rxc6+ {[%emt 0:00:35]} bxc6 {[%emt 0:00:24]} 25. Qxa7+ {[%emt 0:00:18]} Kd8 {[%emt 0:03:18]} 26. Qb8+ {[%emt 0:06:43]} Ke7 {[%emt 0:00:46]} 27. Qc7+ {[%emt 0:00:35]} Kf8 {[%emt 0:00:15]} 28. Qd6+ {[%emt 0:00:46]} Kf7 {[%emt 0:00:12]} 29. Qc7+ {[%emt 0:00:04]} Kg8 {[%emt 0:00:50]} 30. Qxc6 {[%emt 0:00:18]} Nxf2 {[%emt 0:00:42]} 31. Qxe6+ {[%emt 0:00:06]} Kh7 {[%emt 0:00:03]} 32. Kxf2 {[%emt 0:00:12]} Qxh2+ {[%emt 0:01:24]} 33. Ke1 {[%emt 0:00:14]} Rd8 {[%emt 0:00:30]} 34. Bc3 {[%emt 0:00:31]} Qh4+ {[%emt 0:01:17]} 35. Kd1 {[%emt 0:00:26]} Qh1+ {[%emt 0:01:03]} 36. Kc2 {[%emt 0:01:14]} Qe4+ {[%emt 0:00:24]} 37. Kb2 {[%emt 0:00:11]} Rxd2+ {[%emt 0:00:20]} 0-1

[Event "FRA-ch Youth U20 2019"]
[Site "Hyeres"]
[Date "2019.04.17"]
[Round "5.2"]
[White "De Lussac, Rainier"]
[Black "Philippe, Guillaume"]
[Result "1-0"]
[WhiteElo "2152"]
[BlackElo "2352"]
[Annotator "TA"]
[PlyCount "93"]
[EventDate "2019.04.14"]
[EventType "swiss"]
[EventCountry "FRA"]
[SourceTitle "playchess.com"]
[Source "ChessBase"]
[SourceQuality "1"]

{[%evp 23,93,15,46,53,73,44,48,0,43,41,29,39,48,12,18,19,12,16,19,19,19,24,21,0,24,42,36,21,54,65,275,283,355,349,357,345,414,372,378,224,613,557,576,571,537,295,295,266,272,306,319,346,317,302,380,390,495,420,403,395,534,536,514,512,564,565,554,560,732,732,1993,1891]} 1. d4 Nf6 2. Nf3 e6 3. c4 c5 4. d5 exd5 5. cxd5 d6 6. Nc3 g6 7. Nd2 Bg7 8. e4 O-O 9. Be2 Re8 10. O-O Nbd7 11. a4 a6 12. f4 Qc7 13. Kh1 {A69: Modern Benoni: Four Pawns Attack with 9...Re8} b6 14. Bf3 $146 ({Predecessor:} 14. Qc2 Bb7 15. Nc4 Re7 16. Bf3 Rae8 17. e5 Nh5 18. Bxh5 gxh5 19. Nxd6 Nxe5 20. Nxe8 Rxe8 21. fxe5 Bxe5 22. Qf5 Bxh2 23. Bf4 {1-0 (25) Kelecevic,N (2435)-Stanojevic,S (2110) Goetzis 1997}) 14... Rb8 15. Be2 {White is slightly better.} c4 {Black wants to play ...b5.} 16. e5 dxe5 17. Nxc4 Nh5 {[%cal Rh5f4]} 18. fxe5 (18. f5 {with more complications.} Bb7 19. Bg5 Nf4 20. Rc1 f6 21. Bxf4 exf4 22. Bd3) 18... Nxe5 19. Nxe5 Qxe5 20. Bxh5 Qxh5 21. Qxh5 gxh5 22. Bf4 Rb7 23. Rae1 $40 {[%mdl 128] White mounts an attack.} Rbe7 24. Rxe7 Rxe7 25. d6 Re6 26. Nd5 {[#] Black must now prevent Ne7+.} Bf8 $2 (26... Bf6 $1 $14) 27. Rd1 $18 Kg7 28. Nxb6 Bb7 29. Kg1 Re2 30. Kf1 Rc2 31. Be5+ (31. Nd5 $142 Rc8 32. d7) 31... Kg6 $2 (31... f6) 32. d7 Bxg2+ {[#]} 33. Ke1 $1 Be7 34. d8=Q Bxd8 35. Rxd8 Be4 36. Rd2 Rc1+ 37. Kf2 Kf5 38. Bd6 Kg4 39. Nd7 Kh3 40. b4 Rb1 41. Rd4 Bf5 42. Nc5 {White is clearly winning.} Rb2+ 43. Ke3 Bc8 44. Nd3 Rb3 45. Kd2 Ra3 46. b5 axb5 47. Bxa3 {Accuracy: White = 67%, Black = 30%.} 1-0

[Event "FRA-ch Youth U20 2019"]
[Site "Hyeres"]
[Date "2019.04.17"]
[Round "5.3"]
[White "Laurent-Paoli, Pierre"]
[Black "Legrand, Vincent"]
[Result "1-0"]
[WhiteElo "2352"]
[BlackElo "2053"]
[Annotator "TA"]
[PlyCount "83"]
[EventDate "2019.04.14"]
[EventType "swiss"]
[EventCountry "FRA"]
[SourceTitle "playchess.com"]
[Source "ChessBase"]
[SourceQuality "1"]

{[%evp 9,83,20,48,59,61,42,36,49,37,40,57,45,74,84,105,43,59,40,55,0,138,138,143,139,229,233,246,181,183,180,170,155,148,150,146,150,175,192,182,138,289,297,278,280,295,293,285,283,278,275,436,210,360,257,285,285,537,260,254,222,229,233,239,241,235,202,238,231,318,311,358,348,386,366,2408,2275]} 1. d4 Nf6 2. c4 c5 3. d5 b5 4. cxb5 a6 5. bxa6 g6 6. Nc3 {A58: Benko/Volga Gambit: Lines with 5 bxa6} Bg7 7. a7 (7. e4 O-O 8. e5 Ne8 9. h4 Bxe5 10. Bh6 Bxa6 11. h5 Ng7 12. Nf3 Bxc3+ 13. bxc3 Bxf1 14. Kxf1 {1-0 (22) So,W (2780)-Duda,J (2737) chess.com INT 2018}) 7... Rxa7 8. e4 {e5 is the strong threat.White is slightly better.} O-O 9. Nf3 d6 10. Be2 Ba6 11. O-O $36 {[%mdl 2048] White is in control.} Qa5 12. Bd2 $146 (12. a4 $16) ({Predecessor:} 12. e5 dxe5 13. Nxe5 Rd8 14. Bxa6 Qxa6 {1-0 (30) L'Ami,E (2606)-Van Wely,L (2658) playchess.com INT 2016}) 12... Bxe2 $14 13. Qxe2 Rb7 14. a4 ({White should play} 14. b3 $14) 14... Nbd7 (14... Rxb2 $11 15. Nd1 Rxd2 16. Nxd2 Nxd5) 15. Nb5 $16 Qa6 16. Bc3 e6 (16... Rc8 $16 {was worth a try.} 17. h3 Ne8) 17. dxe6 $18 fxe6 18. e5 dxe5 19. Nxe5 Nd5 20. Nxd7 Nxc3 21. bxc3 (21. Nxc3 $6 Qxe2 22. Nxe2 Rxd7 $11) 21... Rxd7 22. Rfe1 Rf6 23. Qc4 Qc6 24. Rad1 Rdf7 $2 (24... Rd5 $16 25. g3 Kh8) 25. Rd6 Qb7 26. f3 ({Stronger than} 26. Rexe6 Rxf2 27. Rc6 {[#]} Be5 $1 $17 {[%mdl 512]}) 26... Rf4 27. Qxe6 Bf8 28. Rd8 Kg7 {aiming for ...Re7.} 29. Qe5+ R4f6 (29... Kh6 {might work better.} 30. Qe6 (30. Rd5 R7f5 $11) 30... Kg7) 30. Qd5 (30. Nd6 $142 Bxd6 31. Rxd6) 30... Qa6 (30... Qxd5 {keeps fighting.} 31. Rxd5 Ra6) 31. Qc4 Rf4 32. Re4 R4f5 $2 (32... Rxe4 33. Qxe4 Qf6) 33. Rd5 (33. Nd4 $142 Qxc4 34. Nxf5+ {[%mdl 64] Discovered Attack} gxf5 35. Rxc4) 33... R5f6 34. f4 Qc8 35. g3 h5 36. Qe2 Qh3 37. Na3 h4 38. Qg2 Qg4 39. Nc4 Rb7 {Threatens to win with ...Rb1+.} 40. Re1 Re6 41. Rde5 {[%mdl 64] [#] Discovered Attack} Rxe5 $2 (41... Ree7 42. a5 Rbd7) 42. Qxb7+ {Accuracy: White = 52%, Black = 42%.} ({Not} 42. Rxe5 Rb1+ 43. Kf2 hxg3+ 44. hxg3 Qd1 $16) 1-0

[Event "FRA-ch Youth U20 2019"]
[Site "Hyeres"]
[Date "2019.04.17"]
[Round "5.4"]
[White "Afraoui, Anaelle"]
[Black "Roussel, Simon"]
[Result "1/2-1/2"]
[WhiteElo "2031"]
[BlackElo "2126"]
[Annotator "RC"]
[PlyCount "152"]
[EventDate "2019.04.14"]
[EventType "swiss"]
[EventCountry "FRA"]
[SourceTitle "playchess.com"]
[Source "ChessBase"]
[SourceQuality "1"]
[TimeControl "5400+30"]

1. e4 {[%emt 0:00:00]} e5 {[%emt 0:00:00]} 2. Nf3 {[%emt 0:00:00]} Nc6 {[%emt 0:00:00]} 3. Bb5 {[%emt 0:00:00]} Nf6 {[%emt 0:01:23]} 4. O-O {[%emt 0:00:00]} Be7 {[%emt 0:00:20]} 5. Re1 {[%emt 0:00:25]} d6 {[%emt 0:00:05]} 6. d4 {[%emt 0:00:52]} exd4 {[%emt 0:00:05]} 7. Nxd4 {[%emt 0:00:18]} Bd7 {[%emt 0:00:04]} 8. Nc3 {[%emt 0:01:03]} O-O {[%emt 0:00:08]} 9. Bxc6 {[%emt 0:02:52]} bxc6 {[%emt 0:03:11]} 10. Qf3 {[%emt 0:02:33]} Rb8 {[%emt 0:15:49]} 11. b3 {[%emt 0:09:13]} Re8 {[%emt 0:19:53]} 12. Bb2 {[%emt 0:09:15]} Bf8 {[%emt 0:03:20]} 13. h3 {[%emt 0:03:16]} c5 {[%emt 0:08:16]} 14. Nf5 {[%emt 0:11:06]} g6 {[%emt 0:06:07]} 15. Ne3 {[%emt 0:01:49]} Bg7 {[%emt 0:00:08]} 16. Ncd5 {[%emt 0:23:57]} Nxe4 {[%emt 0:15:43]} 17. Bxg7 {[%emt 0:01:14]} Kxg7 {[%emt 0:00:40]} 18. Ng4 {[%emt 0:09:05]} f5 {[%emt 0:06:11]} 19. Rxe4 {[%emt 0:07:19]} Rxe4 {[%emt 0:00:07]} 20. Ngf6 {[%emt 0:00:14]} Re5 {[%emt 0:05:00]} 21. Qc3 {[%emt 0:01:39]} Kf7 {[%emt 0:04:53]} 22. f4 {[%emt 0:01:00]} Rxd5 {[%emt 0:00:48]} 23. Nxd5 {[%emt 0:00:19]} c6 {[%emt 0:03:15]} 24. Ne3 {[%emt 0:00:16]} Qf6 {[%emt 0:00:20]} 25. Qxf6+ {[%emt 0:01:43]} Kxf6 {[%emt 0:00:01]} 26. Nc4 {[%emt 0:00:15]} Ke7 {[%emt 0:01:45]} 27. Rd1 {[%emt 0:01:19]} Be6 {[%emt 0:00:48]} 28. Ne3 {[%emt 0:01:48]} Rb4 {[%emt 0:02:02]} 29. g3 {[%emt 0:00:47]} Rd4 {[%emt 0:00:48]} 30. Kf2 {[%emt 0:00:42]} Rxd1 {[%emt 0:00:26]} 31. Nxd1 {[%emt 0:00:08]} Bd5 {[%emt 0:00:15]} 32. Ke3 {[%emt 0:02:04]} Be4 {[%emt 0:00:11]} 33. Kd2 {[%emt 0:00:29]} h6 {[%emt 0:01:22]} 34. h4 {[%emt 0:00:45]} Kf6 {[%emt 0:00:35]} 35. Nb2 {[%emt 0:00:39]} Ke6 {[%emt 0:03:31]} 36. Nc4 {[%emt 0:00:33]} Ke7 {[%emt 0:00:00]} 37. Kc3 {[%emt 0:02:03]} Bd5 {[%emt 0:00:00]} 38. Ne3 {[%emt 0:02:48]} Be6 {[%emt 0:00:00]} 39. Nd1 {[%emt 0:01:20]} Kf6 {[%emt 0:00:00]} 40. Kd3 {[%emt 0:00:31]} g5 {[%emt 0:00:00]} 41. hxg5+ {[%emt 0:00:15]} hxg5 {[%emt 0:00:00]} 42. Ke3 {[%emt 0:02:41]} Bd5 {[%emt 0:00:27]} 43. Nf2 {[%emt 0:00:40]} g4 {[%emt 0:01:34]} 44. Kd3 {[%emt 0:00:44]} Bf3 {[%emt 0:00:07]} 45. Ke3 {[%emt 0:00:42]} Ke6 {[%emt 0:00:11]} 46. c3 {[%emt 0:00:37]} Kd7 {[%emt 0:00:22]} 47. Kd3 {[%emt 0:00:45]} Kc7 {[%emt 0:00:05]} 48. Kd2 {[%emt 0:00:13]} Kb6 {[%emt 0:00:05]} 49. Nd3 {[%emt 0:00:09]} Be4 {[%emt 0:00:05]} 50. Nb2 {[%emt 0:00:39]} d5 {[%emt 0:00:34]} 51. Na4+ {[%emt 0:00:56]} Kb5 {[%emt 0:00:17]} 52. Nb2 {[%emt 0:02:00]} Bb1 {[%emt 0:01:35]} 53. a3 {[%emt 0:00:00]} Be4 {[%emt 0:00:14]} 54. Kc1 {[%emt 0:00:08]} c4 {[%emt 0:00:33]} 55. bxc4+ {[%emt 0:00:32]} dxc4 {[%emt 0:00:06]} 56. Kd2 {[%emt 0:00:11]} Kc5 {[%emt 0:00:27]} 57. Ke3 {[%emt 0:00:16]} Bc2 {[%emt 0:00:10]} 58. Kd2 {[%emt 0:00:20]} Bb3 {[%emt 0:00:10]} 59. Ke2 {[%emt 0:00:37]} Kd5 {[%emt 0:00:10]} 60. Kd2 {[%emt 0:00:34]} Ke4 {[%emt 0:00:29]} 61. Ke2 {[%emt 0:00:03]} Bc2 {[%emt 0:01:53]} 62. Kf2 {[%emt 0:00:30]} Bd3 {[%emt 0:00:42]} 63. Na4 {[%emt 0:00:40]} Kd5 {[%emt 0:01:11]} 64. Ke3 {[%emt 0:00:27]} Be4 {[%emt 0:00:36]} 65. Kd2 {[%emt 0:00:28]} Bg2 {[%emt 0:00:27]} 66. Ke3 {[%emt 0:00:15]} Bf1 {[%emt 0:00:26]} 67. Nb2 {[%emt 0:00:10]} Kc5 {[%emt 0:01:16]} 68. Kf2 {[%emt 0:00:18]} Bd3 {[%emt 0:00:07]} 69. Ke3 {[%emt 0:00:07]} Bc2 {[%emt 0:00:10]} 70. Kd2 {[%emt 0:00:31]} Bb3 {[%emt 0:00:04]} 71. Ke2 {[%emt 0:00:25]} Kd6 {[%emt 0:00:09]} 72. Ke1 {[%emt 0:00:58]} Ke6 {[%emt 0:00:13]} 73. Ke2 {[%emt 0:00:08]} Kd5 {[%emt 0:00:23]} 74. Kd2 {[%emt 0:00:38]} Ke4 {[%emt 0:00:08]} 75. Ke2 {[%emt 0:00:05]} Bc2 {[%emt 0:01:22]} 76. Kf2 {[%emt 0:00:31]} Bd3 {[%emt 0:00:08]} 1/2-1/2

[Event "FRA-ch Youth U20 2019"]
[Site "Hyeres"]
[Date "2019.04.18"]
[Round "6.1"]
[White "Eugene, Floryan"]
[Black "Laurent-Paoli, Pierre"]
[Result "0-1"]
[WhiteElo "2294"]
[BlackElo "2352"]
[Annotator "NA"]
[PlyCount "94"]
[EventDate "2019.04.14"]
[EventType "swiss"]
[EventCountry "FRA"]
[SourceTitle "playchess.com"]
[Source "ChessBase"]
[SourceQuality "1"]
[TimeControl "5400+30"]

1. e4 {[%emt 0:00:00]} c6 {[%emt 0:00:00]} 2. d4 {[%emt 0:01:15]} d5 {[%emt 0:00:00]} 3. Nc3 {[%emt 0:00:10]} dxe4 {[%emt 0:01:15]} 4. Nxe4 {[%emt 0:00:12]} Nf6 {[%emt 0:03:53]} 5. Nxf6+ {[%emt 0:00:06]} exf6 {[%emt 0:00:04]} 6. c3 {[%emt 0:00:08]} Bd6 {[%emt 0:00:03]} 7. Bd3 {[%emt 0:00:13]} O-O {[%emt 0:00:05]} 8. Qc2 {[%emt 0:00:10]} Re8+ {[%emt 0:00:03]} 9. Ne2 {[%emt 0:00:06]} h5 {[%emt 0:00:02]} 10. Be3 {[%emt 0:13:15]} Be6 {[%emt 0:19:44]} 11. Ng3 {[%emt 0:10:07]} h4 {[%emt 0:02:30]} 12. Nf5 {[%emt 0:00:38]} Bxf5 {[%emt 0:01:28]} 13. Bxf5 {[%emt 0:00:04]} Bf4 {[%emt 0:03:58]} 14. O-O-O {[%emt 0:01:04]} Bxe3+ {[%emt 0:09:22]} 15. fxe3 {[%emt 0:00:05]} Qd5 {[%emt 0:01:25]} 16. Kb1 {[%emt 0:14:45]} Rxe3 {[%emt 0:11:21]} 17. Qf2 {[%emt 0:14:43]} Re8 {[%emt 0:04:58]} 18. g3 {[%emt 0:00:12]} h3 {[%emt 0:03:10]} 19. Bxh3 {[%emt 0:00:54]} Nd7 {[%emt 0:01:49]} 20. Qf5 {[%emt 0:05:53]} Nb6 {[%emt 0:01:56]} 21. Qxd5 {[%emt 0:04:47]} Nxd5 {[%emt 0:00:06]} 22. Rde1 {[%emt 0:02:01]} g6 {[%emt 0:03:40]} 23. Kc2 {[%emt 0:01:21]} Kg7 {[%emt 0:00:11]} 24. Kd3 {[%emt 0:01:22]} Rxe1 {[%emt 0:02:50]} 25. Rxe1 {[%emt 0:00:03]} Rh8 {[%emt 0:00:03]} 26. c4 {[%emt 0:09:16]} Nb4+ {[%emt 0:12:01]} 27. Kc3 {[%emt 0:00:04]} Nxa2+ {[%emt 0:00:29]} 28. Kb3 {[%emt 0:00:04]} Rxh3 {[%emt 0:00:05]} 29. Kxa2 {[%emt 0:00:20]} Rxh2 {[%emt 0:00:07]} 30. Re7 {[%emt 0:02:37]} Rd2 {[%emt 0:01:40]} 31. Rxb7 {[%emt 0:07:09]} Rxd4 {[%emt 0:00:05]} 32. Kb3 {[%emt 0:00:03]} f5 {[%emt 0:05:36]} 33. Kb4 {[%emt 0:02:26]} Rg4 {[%emt 0:03:24]} 34. Rc7 {[%emt 0:02:03]} Rxg3 {[%emt 0:00:55]} 35. Rxc6 {[%emt 0:00:02]} f4 {[%emt 0:00:12]} 36. Rd6 {[%emt 0:00:01]} f3 {[%emt 0:00:48]} 37. Rd1 {[%emt 0:01:06]} f2 {[%emt 0:00:35]} 38. Rf1 {[%emt 0:00:03]} Rf3 {[%emt 0:00:02]} 39. c5 {[%emt 0:00:02]} Kf6 {[%emt 0:00:02]} 40. Kb5 {[%emt 0:01:47]} Ke7 {[%emt 0:01:49]} 41. Kc6 {[%emt 0:00:28]} g5 {[%emt 0:02:31]} 42. Kb7 {[%emt 0:01:40]} g4 {[%emt 0:01:47]} 43. c6 {[%emt 0:00:11]} g3 {[%emt 0:00:09]} 44. c7 {[%emt 0:00:11]} Rb3+ {[%emt 0:00:05]} 45. Kc8 {[%emt 0:00:55]} Rb6 {[%emt 0:00:30]} 46. b4 {[%emt 0:00:20]} Rc6 {[%emt 0:00:04]} 47. Kb7 {[%emt 0:01:24]} Rxc7+ {[%emt 0:06:38]} 0-1

[Event "FRA-ch Youth U20 2019"]
[Site "Hyeres"]
[Date "2019.04.18"]
[Round "6.2"]
[White "Guerlach, Keigo"]
[Black "Pigeat, Alexandre"]
[Result "0-1"]
[WhiteElo "2071"]
[BlackElo "2347"]
[Annotator "NA"]
[PlyCount "56"]
[EventDate "2019.04.14"]
[EventType "swiss"]
[EventCountry "FRA"]
[SourceTitle "playchess.com"]
[Source "ChessBase"]
[SourceQuality "1"]
[TimeControl "5400+30"]

1. e4 {[%emt 0:00:00]} e6 {[%emt 0:00:00]} 2. d3 {[%emt 0:00:00]} d5 {[%emt 0:00:08]} 3. Nd2 {[%emt 0:00:00]} Nf6 {[%emt 0:00:36]} 4. Ngf3 {[%emt 0:00:00]} Bc5 {[%emt 0:00:47]} 5. Be2 {[%emt 0:01:27]} O-O {[%emt 0:02:02]} 6. O-O {[%emt 0:00:23]} Nc6 {[%emt 0:03:54]} 7. c3 {[%emt 0:02:16]} Be7 {[%emt 0:09:20]} 8. e5 {[%emt 0:05:11]} Nd7 {[%emt 0:00:20]} 9. d4 {[%emt 0:00:12]} f6 {[%emt 0:00:34]} 10. exf6 {[%emt 0:01:57]} Bxf6 {[%emt 0:03:18]} 11. Re1 {[%emt 0:05:14]} Kh8 {[%emt 0:01:34]} 12. Bd3 {[%emt 0:00:57]} e5 {[%emt 0:10:21]} 13. dxe5 {[%emt 0:00:50]} Bxe5 {[%emt 0:00:11]} 14. Qc2 {[%emt 0:22:19]} h6 {[%emt 0:02:24]} 15. c4 {[%emt 0:07:39]} Qf6 {[%emt 0:30:42]} 16. cxd5 {[%emt 0:05:12]} Nd4 {[%emt 0:00:13]} 17. Qd1 {[%emt 0:24:35]} Bd6 {[%emt 0:07:02]} 18. Re4 {[%emt 0:10:53]} Nxf3+ {[%emt 0:01:59]} 19. Qxf3 {[%emt 0:03:29]} Qd8 {[%emt 0:03:41]} 20. Qe2 {[%emt 0:02:59]} Nc5 {[%emt 0:00:39]} 21. Rc4 {[%emt 0:00:46]} b5 {[%emt 0:01:43]} 22. Rxc5 {[%emt 0:00:49]} Bxc5 {[%emt 0:01:33]} 23. Ne4 {[%emt 0:00:16]} Bd4 {[%emt 0:00:31]} 24. Qh5 {[%emt 0:01:34]} Qe8 {[%emt 0:00:26]} 25. Qh4 {[%emt 0:00:32]} Bf5 {[%emt 0:01:06]} 26. Bxh6 {[%emt 0:01:06]} gxh6 {[%emt 0:00:32]} 27. Qxh6+ {[%emt 0:00:02]} Kg8 {[%emt 0:00:10]} 28. Re1 {[%emt 0:02:33]} Qg6 {[%emt 0:00:19]} 0-1

[Event "FRA-ch Youth U20 2019"]
[Site "Hyeres"]
[Date "2019.04.18"]
[Round "6.3"]
[White "Pillard, Valentin"]
[Black "De Lussac, Rainier"]
[Result "0-1"]
[WhiteElo "2093"]
[BlackElo "2152"]
[Annotator "NA"]
[PlyCount "84"]
[EventDate "2019.04.14"]
[EventType "swiss"]
[EventCountry "FRA"]
[SourceTitle "playchess.com"]
[Source "ChessBase"]
[SourceQuality "1"]
[TimeControl "5400+30"]

1. d4 {[%emt 0:00:00]} Nf6 {[%emt 0:00:00]} 2. c4 {[%emt 0:00:00]} e6 {[%emt 0:00:10]} 3. Nf3 {[%emt 0:00:00]} c5 {[%emt 0:06:19]} 4. d5 {[%emt 0:04:25]} b5 {[%emt 0:00:10]} 5. dxe6 {[%emt 0:05:44]} fxe6 {[%emt 0:00:25]} 6. cxb5 {[%emt 0:00:06]} d5 {[%emt 0:00:10]} 7. Bg5 {[%emt 0:00:05]} Nbd7 {[%emt 0:03:22]} 8. Nc3 {[%emt 0:18:54]} Bb7 {[%emt 0:02:24]} 9. e3 {[%emt 0:13:59]} Bd6 {[%emt 0:04:13]} 10. Be2 {[%emt 0:00:47]} O-O {[%emt 0:01:39]} 11. O-O {[%emt 0:00:13]} Qe8 {[%emt 0:02:48]} 12. Nh4 {[%emt 0:18:13]} Qf7 {[%emt 0:32:58]} 13. Rc1 {[%emt 0:08:53]} Rae8 {[%emt 0:04:07]} 14. a4 {[%emt 0:00:40]} Bb8 {[%emt 0:02:09]} 15. b3 {[%emt 0:04:00]} Kh8 {[%emt 0:07:14]} 16. Bd3 {[%emt 0:02:43]} Ne5 {[%emt 0:02:46]} 17. Bb1 {[%emt 0:00:15]} Nfg4 {[%emt 0:06:44]} 18. Bf4 {[%emt 0:02:17]} Qh5 {[%emt 0:01:25]} 19. Bg3 {[%emt 0:00:20]} Qh6 {[%emt 0:16:41]} 20. Qe2 {[%emt 0:03:21]} g5 {[%emt 0:01:02]} 21. f4 {[%emt 0:09:22]} gxh4 {[%emt 0:01:37]} 22. Be1 {[%emt 0:00:01]} d4 {[%emt 0:00:51]} 23. Nd1 {[%emt 0:02:43]} Nxe3 {[%emt 0:01:27]} 24. Nxe3 {[%emt 0:00:08]} dxe3 {[%emt 0:00:01]} 25. Qxe3 {[%emt 0:02:02]} Ng4 {[%emt 0:01:00]} 26. Bc3+ {[%emt 0:00:57]} Kg8 {[%emt 0:00:32]} 27. Qxc5 {[%emt 0:00:02]} Bxf4 {[%emt 0:00:30]} 28. Rxf4 {[%emt 0:02:45]} Qxf4 {[%emt 0:00:18]} 29. Bxh7+ {[%emt 0:01:04]} Kxh7 {[%emt 0:00:22]} 30. Qh5+ {[%emt 0:00:06]} Qh6 {[%emt 0:00:36]} 31. Qxh6+ {[%emt 0:00:38]} Kxh6 {[%emt 0:00:06]} 32. Bd2+ {[%emt 0:00:05]} Kg6 {[%emt 0:00:20]} 33. Rc7 {[%emt 0:00:13]} Rf7 {[%emt 0:00:09]} 34. Rc4 {[%emt 0:00:04]} Ne5 {[%emt 0:00:45]} 35. Rxh4 {[%emt 0:00:08]} Rd8 {[%emt 0:00:12]} 36. Bf4 {[%emt 0:00:40]} Rd1+ {[%emt 0:01:23]} 37. Kf2 {[%emt 0:00:01]} Rxf4+ {[%emt 0:00:55]} 38. Rxf4 {[%emt 0:00:01]} Nd3+ {[%emt 0:00:07]} 39. Ke2 {[%emt 0:00:01]} Nxf4+ {[%emt 0:00:07]} 40. Kxd1 {[%emt 0:00:01]} Bxg2 {[%emt 0:00:27]} 41. Kd2 {[%emt 0:00:05]} Kf5 {[%emt 0:00:37]} 42. a5 {[%emt 0:00:21]} Nd5 {[%emt 0:00:22]} 0-1

[Event "FRA-ch Youth U20 2019"]
[Site "Hyeres"]
[Date "2019.04.18"]
[Round "6.4"]
[White "Philippe, Guillaume"]
[Black "Laronche, Thomas"]
[Result "1-0"]
[WhiteElo "2352"]
[BlackElo "2107"]
[Annotator "NA"]
[PlyCount "75"]
[EventDate "2019.04.14"]
[EventType "swiss"]
[EventCountry "FRA"]
[SourceTitle "playchess.com"]
[Source "ChessBase"]
[SourceQuality "1"]
[TimeControl "5400+30"]

1. e4 {[%emt 0:00:00]} Nf6 {[%emt 0:00:02]} 2. e5 {[%emt 0:00:00]} Nd5 {[%emt 0:00:07]} 3. d4 {[%emt 0:00:00]} d6 {[%emt 0:00:06]} 4. c4 {[%emt 0:00:04]} Nb6 {[%emt 0:00:02]} 5. f4 {[%emt 0:00:06]} dxe5 {[%emt 0:00:38]} 6. fxe5 {[%emt 0:00:07]} Nc6 {[%emt 0:00:26]} 7. Be3 {[%emt 0:00:04]} Bf5 {[%emt 0:02:28]} 8. Nc3 {[%emt 0:00:06]} e6 {[%emt 0:00:31]} 9. Nf3 {[%emt 0:00:25]} Be7 {[%emt 0:02:06]} 10. Be2 {[%emt 0:00:31]} O-O {[%emt 0:00:59]} 11. O-O {[%emt 0:00:33]} f6 {[%emt 0:05:03]} 12. exf6 {[%emt 0:01:46]} Bxf6 {[%emt 0:00:09]} 13. Qd2 {[%emt 0:04:35]} Bg4 {[%emt 0:07:10]} 14. Rad1 {[%emt 0:01:27]} Bxf3 {[%emt 0:06:50]} 15. Rxf3 {[%emt 0:00:23]} e5 {[%emt 0:00:35]} 16. d5 {[%emt 0:01:41]} Nd4 {[%emt 0:00:43]} 17. Rh3 {[%emt 0:00:26]} Nxe2+ {[%emt 0:03:47]} 18. Qxe2 {[%emt 0:00:06]} Bg5 {[%emt 0:21:24]} 19. c5 {[%emt 0:04:55]} Nc8 {[%emt 0:12:33]} 20. Qh5 {[%emt 0:13:35]} Bxe3+ {[%emt 0:01:47]} 21. Rxe3 {[%emt 0:00:06]} Ne7 {[%emt 0:04:46]} 22. Qxe5 {[%emt 0:01:14]} Ng6 {[%emt 0:00:07]} 23. Qg3 {[%emt 0:01:36]} Qd7 {[%emt 0:06:00]} 24. h3 {[%emt 0:03:06]} Rad8 {[%emt 0:04:05]} 25. Rde1 {[%emt 0:01:03]} b6 {[%emt 0:00:38]} 26. c6 {[%emt 0:00:52]} Qc8 {[%emt 0:04:40]} 27. Re6 {[%emt 0:01:10]} Rf7 {[%emt 0:02:09]} 28. R1e4 {[%emt 0:13:08]} Rdf8 {[%emt 0:01:22]} 29. Kh2 {[%emt 0:02:35]} Qd8 {[%emt 0:00:34]} 30. d6 {[%emt 0:01:09]} cxd6 {[%emt 0:02:23]} 31. Rxd6 {[%emt 0:00:10]} Qc8 {[%emt 0:01:30]} 32. Nd5 {[%emt 0:00:38]} Rd8 {[%emt 0:02:29]} 33. Rxd8+ {[%emt 0:02:36]} Qxd8 {[%emt 0:00:07]} 34. c7 {[%emt 0:00:15]} Qc8 {[%emt 0:00:45]} 35. Qd6 {[%emt 0:00:34]} Rf8 {[%emt 0:01:12]} 36. Ne7+ {[%emt 0:00:22]} Nxe7 {[%emt 0:00:05]} 37. Rxe7 {[%emt 0:00:05]} Qf5 {[%emt 0:01:01]} 38. Rd7 {[%emt 0:00:30]} 1-0